000 00638nam a22002177a 4500
003 UA-OsUOA
001 71770
007 ta
008 20101203b un ||||| |||| 00| 0 ukr d
100 _aРайхель Ю.
090 _a94(477)
_bР18
942 _cSA
040 _aUA-OsUOA
_bukr
_cUA-OsUOA
_dUA-OsUOA
245 _aНевдала місія в Берлін. Два диктатори в листопаді 1940 року не змогли домовитися
300 _aС.9
955 _a0
041 _aukr
080 _a94(477)
773 0 _w71768
650 7 _a9 Географія. Біографії. Історія
_2UDC
999 _c357894
_d357894